000 00239 a2200097 4500
001 34967
100 _aA H M
245 _aTootthay Bantey Assemblian Aur Civil Military Bureaucracy
260 _aLahore
_bJang Pub
_c
090 _c23129
_d23129
942 _aNUST-CAE
_cM
_c14591
999 _c270040
_d270040